[Event "11. Lichtenberger Sommer"]
[Site "Berlin"]
[Date "2012.08.24"]
[Round "7.105"]
[White "Günther, Boris"]
[Black "Jiranek, Benno"]
[Result "1-0"]
[WhiteElo "1433"]
[BlackElo "1442"]
[PlyCount "95"]
[EventDate "2012.??.??"]
[WhiteTeam "SF Friedrichshagen"]
[BlackTeam "SC Kreuzberg e.V."]

1. f4 d5 2. Nf3 h6 3. e3 Bf5 4. Nd4 Bh7 5. b3 c5 6. Bb5+ Nd7 7. Nf3 a6 8. Bxd7+
Qxd7 9. Ne5 Qd8 10. Qh5 g6 11. Qf3 Nf6 12. Bb2 Bg7 13. Nc3 O-O 14. O-O-O Rc8
15. d3 d4 16. exd4 cxd4 17. Ne2 Qa5 18. Kb1 Nd5 19. Nc4 Rxc4 20. dxc4 Nc3+ 21.
Bxc3 dxc3 22. Rd3 g5 23. f5 Bxf5 24. Rd5 Bxc2+ 25. Kxc2 Qxa2+ 26. Kd3 Qd2+ 27.
Ke4 f5+ 28. Rxf5 e6 29. Rxf8+ Bxf8 30. Qd3 Qa2 31. Rc1 Qa5 32. Kf3 g4+ 33. Kf2
Bc5+ 34. Kf1 Qc7 35. Qg6+ Kf8 36. Qxh6+ Qg7 37. Qxg7+ Kxg7 38. Nxc3 Be3 39. Rd1
Bf4 40. Rd7+ Kf6 41. g3 Be5 42. Ne4+ Kf5 43. Nd6+ Kf6 44. Nxb7 Bc3 45. Ke2 a5
46. c5 e5 47. c6 Bb4 48. c7 1-0

[Event "11. Lichtenberger Sommer"]
[Site "Berlin"]
[Date "2012.08.24"]
[Round "7.106"]
[White "Grozea, Filip"]
[Black "Kramer, Ralf"]
[Result "0-1"]
[WhiteElo "822"]
[BlackElo "1633"]
[PlyCount "110"]
[EventDate "2012.??.??"]
[WhiteTeam "TSG Oberschöneweide e.V."]
[BlackTeam "SV Königsjäger Süd-West e.V."]

1. e4 c5 2. Nc3 Nc6 3. Nf3 Nf6 4. g3 d6 5. Bg2 Bg4 6. O-O e6 7. Qe1 Be7 8. d3
O-O 9. Bd2 Rb8 10. b3 Qd7 11. Qe3 Rfe8 12. Kh1 b6 13. Kg1 Nb4 14. Rfc1 Nc6 15.
Rf1 e5 16. Kh1 Bh3 17. Kg1 Bxg2 18. Kxg2 Ng4 19. Qe2 Nd4 20. Nxd4 cxd4 21. Nb5
Rb7 22. c3 a6 23. Na3 d5 24. Qf3 Bxa3 25. exd5 dxc3 26. Bxc3 Bd6 27. Be1 Rc7
28. Bd2 Rc2 29. Qe2 Nf6 30. Qd1 Rec8 31. Rc1 Rxc1 32. Bxc1 Nxd5 33. Bg5 f6 34.
Bh4 g5 35. Qf3 Qe6 36. Bxg5 fxg5 37. a3 Rf8 38. Qh5 Qf5 39. b4 g4 40. Qh6 Qg6
41. Qd2 Qh5 42. Qc2 Qf5 43. Qc6 Ne3+ 44. Kg1 Nxf1 45. Qd5+ Kh8 46. Qg2 Nd2 47.
Kh1 Qxf2 48. Qxf2 Rxf2 49. Kg1 Rf8 50. Kg2 Nb1 51. Kg1 Nxa3 52. Kg2 Bxb4 53.
Kg1 Nc2 54. Kg2 Ne3+ 55. Kg1 Rf1# 0-1

[Event "11. Lichtenberger Sommer"]
[Site "Berlin"]
[Date "2012.08.24"]
[Round "7.107"]
[White "Bensch, Wolfgang"]
[Black "Vural, Argun"]
[Result "1-0"]
[WhiteElo "1665"]
[BlackElo "1232"]
[PlyCount "61"]
[EventDate "2012.??.??"]
[WhiteTeam "SC Eintracht Berlin e.V."]
[BlackTeam "SV Empor Berlin e.V."]

1. d4 d5 2. Nf3 c6 3. g3 Bf5 4. Bg2 Qb6 5. O-O Nf6 6. Nbd2 e6 7. Re1 Be7 8. c3
Nbd7 9. Nf1 O-O-O 10. Ne3 Be4 11. Ng5 Bg6 12. b4 h5 13. Nf3 Ne4 14. Nd2 Nxc3
15. Qb3 Qxd4 16. a3 Nxe2+ 17. Rxe2 Qxa1 18. Re1 h4 19. Nf3 hxg3 20. Bb2 Qxe1+
21. Nxe1 gxf2+ 22. Kxf2 Rxh2 23. Nf1 Rh7 24. Bd4 b6 25. Qc3 Kb7 26. Nf3 f6 27.
a4 e5 28. Nxe5 fxe5 29. Be3 d4 30. Qxc6+ Ka6 31. Qb5# 1-0

[Event "11. Lichtenberger Sommer"]
[Site "Berlin"]
[Date "2012.08.24"]
[Round "7.108"]
[White "Mühlhan, Klaus"]
[Black "Heuser, Philip"]
[Result "0-1"]
[WhiteElo "2042"]
[BlackElo "2147"]
[PlyCount "70"]
[EventDate "2012.??.??"]
[WhiteTeam "SC Empor Potsdam 1952 e.V."]
[BlackTeam "SG Heidelberg-Kirchheim"]

1. e4 c6 2. d4 d5 3. f3 dxe4 4. fxe4 e5 5. Nf3 Be6 6. Nc3 Bb4 7. a3 Bxc3+ 8.
bxc3 Nf6 9. Bd3 Nbd7 10. Bg5 Qa5 11. O-O O-O-O 12. Qb1 h6 13. Bd2 Qc7 14. Qb2
g5 15. c4 exd4 16. Qxd4 c5 17. Qc3 Ng4 18. Be1 f6 19. Bg3 Nge5 20. Nd2 Rdf8 21.
Rfb1 h5 22. Nf1 h4 23. Be1 Ng4 24. Be2 Nde5 25. h3 Nh6 26. Ne3 g4 27. Nd5 Qg7
28. hxg4 Nhxg4 29. Qa5 Nc6 30. Qxc5 Nge5 31. Rb3 h3 32. g3 h2+ 33. Kh1 Qh7 34.
Nc3 Bh3 35. Qf2 Nd4 0-1

[Event "11. Lichtenberger Sommer"]
[Site "Berlin"]
[Date "2012.08.24"]
[Round "7.109"]
[White "Toth, Hans-Jürgen"]
[Black "Hubbe, Bernd"]
[Result "1-0"]
[WhiteElo "1638"]
[BlackElo "1409"]
[PlyCount "77"]
[EventDate "2012.??.??"]
[WhiteTeam "Schachfreunde Zehdenick 76 e.V."]
[BlackTeam "SC Rotation Pankow e.V."]

1. f4 d5 2. Nf3 e6 3. b3 Bd6 4. e3 Nc6 5. Bb5 Nge7 6. Bb2 O-O 7. Bxc6 bxc6 8.
O-O Re8 9. Qe1 Nf5 10. g4 Ne7 11. Qh4 c5 12. Qh5 d4 13. Ng5 h6 14. Nxf7 Qd7 15.
Ne5 Bxe5 16. Qxe5 Qc6 17. exd4 Ng6 18. Qxc5 Qe4 19. d3 Qe2 20. Qc6 Qxg4+ 21.
Kh1 Bd7 22. Qxd7 Nh4 23. Qc6 Rf8 24. Nd2 Rad8 25. Rg1 Qxf4 26. Qxe6+ Rf7 27.
Raf1 Rd6 28. Qxf7+ Qxf7 29. Rxf7 Kxf7 30. Ne4 Rd5 31. Rg4 Ng6 32. Ng3 h5 33.
Re4 h4 34. Ne2 Rf5 35. Kg2 Rg5+ 36. Kf3 h3 37. Ng3 Kg8 38. Rg4 Nh4+ 39. Rxh4
1-0

[Event "11. Lichtenberger Sommer"]
[Site "Berlin"]
[Date "2012.08.24"]
[Round "7.110"]
[White "Schröder, Gert"]
[Black "Kühnert, Hanno"]
[Result "1-0"]
[WhiteElo "1391"]
[BlackElo "1666"]
[PlyCount "127"]
[EventDate "2012.??.??"]
[WhiteTeam "SV Königsjäger Süd-West e.V."]
[BlackTeam "SC Rotation Pankow e.V."]

1. d4 Nf6 2. Nf3 e6 3. Nbd2 b6 4. a3 Bb7 5. e3 Be7 6. Bd3 d5 7. c3 O-O 8. Ne5
Nbd7 9. Ng4 Nxg4 10. Qxg4 Nf6 11. Qf3 c5 12. Bc2 cxd4 13. exd4 Ba6 14. Bd3 Bxd3
15. Qxd3 Bd6 16. Nf3 Ne4 17. O-O Qc7 18. c4 Qxc4 19. Qe3 Rac8 20. Ne1 Bxh2+ 21.
Kxh2 Qxf1 22. Nd3 Rc2 23. b4 Nxf2 24. Nxf2 Rxf2 25. Qg3 Rf5 26. Qg4 h5 27. Qg3
Qf2 28. Qc3 Rf3 29. Qxf3 Qh4+ 30. Qh3 Qxd4 31. Ra2 Rc8 32. Be3 Qd1 33. Qg3 g6
34. Rd2 Qb3 35. Qe5 Qc4 36. Bd4 Kf8 37. Rf2 Qc7 38. Qxc7 Rxc7 39. Be5 Rc4 40.
a4 Ke7 41. Rb2 d4 42. Bb8 a6 43. Ba7 b5 44. axb5 axb5 45. Bc5+ Kd7 46. Ra2 f5
47. Ra7+ Kc6 48. Rg7 d3 49. Rxg6 Kd5 50. Rg3 Ke4 51. Re3+ Kd5 52. Rxd3+ Ke5 53.
Rd6 f4 54. Rb6 Rxc5 55. bxc5 b4 56. Rxb4 Kd5 57. Rb5 Kc6 58. Ra5 e5 59. Kh3 e4
60. Ra4 e3 61. Rxf4 Kxc5 62. Kg3 Kd5 63. Kf3 e2 64. Kxe2 1-0

[Event "11. Lichtenberger Sommer"]
[Site "Berlin"]
[Date "2012.08.25"]
[Round "8.2"]
[White "Franco Alonso, Alejandro"]
[Black "Colpe, Malte"]
[Result "1/2-1/2"]
[WhiteElo "2477"]
[BlackElo "2290"]
[PlyCount "41"]
[EventDate "2012.??.??"]
[WhiteTeam "Gros Xake Teldea"]
[BlackTeam "Hamburger SK von 1830 eV"]

1. Nf3 Nf6 2. c4 g6 3. Nc3 d5 4. Qa4+ Bd7 5. Qb3 dxc4 6. Qxc4 a6 7. d4 b5 8.
Qb3 c5 9. dxc5 Bg7 10. e4 Bc6 11. Be2 Nxe4 12. Nxe4 Bxe4 13. a4 Bd5 14. Qa3 O-O
15. O-O Nc6 16. Rd1 b4 17. Qe3 e6 18. Rb1 Qe7 19. Bd2 Ba2 20. Ra1 Bd5 21. Rab1
1/2-1/2

[Event "11. Lichtenberger Sommer"]
[Site "Berlin"]
[Date "2012.08.25"]
[Round "8.3"]
[White "Meister, Jakob"]
[Black "Kalinitschew, Sergey"]
[Result "1/2-1/2"]
[WhiteElo "2479"]
[BlackElo "2458"]
[PlyCount "24"]
[EventDate "2012.??.??"]
[WhiteTeam "SK Zehlendorf e.V."]
[BlackTeam "SC Kreuzberg e.V."]

1. e4 c5 2. Nf3 Nc6 3. d4 cxd4 4. Nxd4 Nf6 5. Nc3 d6 6. Bc4 Bd7 7. Bg5 Rc8 8.
Bxf6 gxf6 9. Qh5 Ne5 10. Bb3 Qb6 11. Nf5 Rxc3 12. bxc3 Qc6 1/2-1/2

[Event "11. Lichtenberger Sommer"]
[Site "Berlin"]
[Date "2012.08.25"]
[Round "8.5"]
[White "Siebarth, Raiko"]
[Black "Martin Alvarez, Inigo"]
[Result "1/2-1/2"]
[WhiteElo "2240"]
[BlackElo "2292"]
[PlyCount "89"]
[EventDate "2012.??.??"]
[WhiteTeam "SG Blau-Weiß Stadtilm"]
[BlackTeam "Gros Xake Taldea"]

1. c4 d6 2. Nc3 e5 3. g3 f5 4. Bg2 Nf6 5. e3 Be7 6. Nge2 O-O 7. O-O c6 8. d4
Qe8 9. b4 Qh5 10. b5 g5 11. bxc6 bxc6 12. f4 gxf4 13. gxf4 e4 14. Qe1 Kh8 15.
Ng3 Qh4 16. Nce2 Rg8 17. d5 c5 18. Bb2 h6 19. Nh1 Qg4 20. Neg3 Kh7 21. Nf2 Qg6
22. Kh1 Nh5 23. Rg1 Nxg3+ 24. hxg3 Nd7 25. Bh3 Nf6 26. Qe2 h5 27. Rg2 Ng4 28.
Rag1 Bf6 29. Bxg4 hxg4 30. Rh2+ Kg7 31. Kg2 Rh8 32. Rxh8 Kxh8 33. Rb1 Ba6 34.
Bxf6+ Qxf6 35. Nxe4 fxe4 36. Qxg4 Qg7 37. Rh1+ Kg8 38. Qe6+ Kf8 39. Qxd6+ Kg8
40. Qe6+ Kf8 41. Qxe4 Re8 42. Qf5+ Kg8 43. Rh5 Bc8 44. Qd3 Kf8 45. Qa3 1/2-1/2

[Event "11. Lichtenberger Sommer"]
[Site "Berlin"]
[Date "2012.08.25"]
[Round "8.8"]
[White "Heuser, Philip"]
[Black "Stern, Rene"]
[Result "0-1"]
[WhiteElo "2147"]
[BlackElo "2529"]
[PlyCount "138"]
[EventDate "2012.??.??"]
[WhiteTeam "SG Heidelberg-Kirchheim"]
[BlackTeam "SK König Tegel 1949 e.V."]

1. d4 Nf6 2. c4 e6 3. Nc3 d5 4. cxd5 exd5 5. Bg5 c6 6. e3 Be7 7. Qc2 Nbd7 8.
Bd3 O-O 9. Nf3 Re8 10. O-O Nf8 11. h3 Be6 12. Rfe1 Rc8 13. Rad1 N6d7 14. Bf4
Nb6 15. Na4 Nxa4 16. Qxa4 Qb6 17. Rb1 f6 18. b4 Bf7 19. Nd2 Bg6 20. Qc2 Qd8 21.
Rec1 a6 22. a3 Bxd3 23. Qxd3 Ne6 24. Bg3 Ng5 25. Bf4 Nf7 26. Nb3 Bd6 27. Bxd6
Nxd6 28. Rc2 Qe7 29. Re1 Qf7 30. Nc5 Rc7 31. Rce2 Rce7 32. f3 f5 33. e4 dxe4
34. fxe4 Qc4 35. Qxc4+ Nxc4 36. a4 b6 37. Nxa6 fxe4 38. b5 cxb5 39. axb5 Nd6
40. Nb4 Nxb5 41. Nc6 Rc7 42. Rb2 Rxc6 43. Rxb5 e3 44. d5 Rd6 45. Rb3 Kf7 46.
Kf1 Re5 47. Ke2 Rexd5 48. Rxe3 Re6 49. Kf3 Rxe3+ 50. Rxe3 Rd7 51. Rb3 Rb7 52.
Ke4 Ke6 53. Kd4 Kd6 54. Kc4 Kc6 55. Re3 Rd7 56. Re6+ Rd6 57. Re7 Rg6 58. g4 Kd6
59. Re8 Re6 60. Rg8 Re7 61. Rh8 g6 62. Rb8 Ke5 63. Rxb6 Kf4 64. Rb3 Re3 65.
Rxe3 Kxe3 66. Kd5 Kf4 67. Ke6 Kg3 68. Kf6 Kxh3 69. g5 Kg4 0-1

[Event "11. Lichtenberger Sommer"]
[Site "Berlin"]
[Date "2012.08.25"]
[Round "8.9"]
[White "Bruchmann, Stephan"]
[Black "Reichenbach, Werner"]
[Result "1/2-1/2"]
[WhiteElo "2315"]
[BlackElo "2283"]
[PlyCount "43"]
[EventDate "2012.??.??"]
[WhiteTeam "SC Rotation Pankow e.V."]
[BlackTeam "Schachclub Oberkrämer"]

1. e4 e5 2. Nf3 Nf6 3. Nxe5 d6 4. Nf3 Nxe4 5. Nc3 Nxc3 6. dxc3 Be7 7. Bf4 O-O
8. Qd2 Nd7 9. O-O-O Nc5 10. Be3 Bf6 11. Kb1 Re8 12. Bc4 Ne4 13. Qd5 Qd7 14. h4
c6 15. Qh5 d5 16. Ng5 h6 17. Bd3 Qc7 18. Rde1 Be6 19. Nxe6 Rxe6 20. Qg4 Rae8
21. Rhg1 Qa5 22. Bxe4 1/2-1/2

[Event "11. Lichtenberger Sommer"]
[Site "Berlin"]
[Date "2012.08.25"]
[Round "8.10"]
[White "Brüdigam, Martin"]
[Black "Neumann, Thomas"]
[Result "1/2-1/2"]
[WhiteElo "2292"]
[BlackElo "2130"]
[PlyCount "68"]
[EventDate "2012.??.??"]
[WhiteTeam "USV Potsdam e.V., Abt. Schach"]
[BlackTeam "SC Borussia Friedrichsfelde 1920"]

1. e4 d5 2. exd5 Qxd5 3. Nf3 Bg4 4. Be2 Nf6 5. d4 Nc6 6. c4 Qf5 7. Be3 O-O-O 8.
O-O e6 9. h3 Bh5 10. Nc3 Rg8 11. Qa4 g5 12. d5 exd5 13. cxd5 Nxd5 14. g4 Nxc3
15. bxc3 Qe6 16. Nxg5 Qf6 17. Rad1 Rxg5 18. Bxg5 Qxg5 19. Rxd8+ Kxd8 20. Rd1+
Bd6 21. f4 Qc5+ 22. Kg2 Bg6 23. f5 Qxc3 24. fxg6 Qg3+ 25. Kf1 Qxh3+ 26. Ke1
Qg3+ 27. Kf1 hxg6 28. Rd3 Qe5 29. Bf3 Qa1+ 30. Ke2 Ne5 31. Rb3 Nxf3 32. Rxf3
Qb2+ 33. Kf1 Qc1+ 34. Ke2 Qb2+ 1/2-1/2

[Event "11. Lichtenberger Sommer"]
[Site "Berlin"]
[Date "2012.08.25"]
[Round "8.12"]
[White "Lauridsen, Jesper Morch"]
[Black "Guenther, Thomas"]
[Result "1-0"]
[WhiteElo "2249"]
[BlackElo "2085"]
[PlyCount "65"]
[EventDate "2012.??.??"]
[WhiteTeam "Sydostfyn"]
[BlackTeam "SV Senat e.V."]

1. e4 c5 2. Nf3 Nc6 3. d4 cxd4 4. Nxd4 Qb6 5. Nb3 Nf6 6. Nc3 e6 7. Be3 Qc7 8.
Bd3 a6 9. f4 d6 10. Qf3 Be7 11. O-O O-O 12. Rae1 Nd7 13. a3 b5 14. Qh3 b4 15.
e5 f5 16. exf6 Nxf6 17. Ne4 Nxe4 18. Bxe4 g6 19. Qg3 Bf6 20. f5 Be5 21. fxg6
Rxf1+ 22. Rxf1 Bxg3 23. gxh7+ Qxh7 24. Bxh7+ Kxh7 25. hxg3 bxa3 26. bxa3 Kg6
27. Bb6 Ne5 28. Bd4 Bd7 29. Rd1 Kf6 30. Na5 Ba4 31. Nc4 Bxc2 32. Re1 Bf5 33.
Nxd6 1-0

[Event "11. Lichtenberger Sommer"]
[Site "Berlin"]
[Date "2012.08.25"]
[Round "8.13"]
[White "Krefenstein, Sergej"]
[Black "Giemsa, Stephan"]
[Result "1/2-1/2"]
[WhiteElo "2062"]
[BlackElo "2261"]
[PlyCount "75"]
[EventDate "2012.??.??"]
[WhiteTeam "TuS Makkabi Berlin e.V."]
[BlackTeam "SK König Tegel 1949 e.V."]

1. c4 Nf6 2. Nc3 e5 3. e4 Bb4 4. d3 h6 5. Nf3 Nc6 6. Be2 d6 7. O-O a6 8. Nd5
Bc5 9. Be3 Nd4 10. Bxd4 Bxd4 11. Nxd4 exd4 12. f4 O-O 13. Qe1 Nxd5 14. cxd5 c6
15. Qb4 c5 16. Qb3 b5 17. Bf3 Qf6 18. g3 Bd7 19. Rae1 Rfe8 20. Bg2 c4 21. Qa3
c3 22. bxc3 dxc3 23. e5 dxe5 24. d6 e4 25. dxe4 Qd4+ 26. Kh1 b4 27. Qa5 c2 28.
e5 Rac8 29. Qxa6 Qc5 30. Qb7 c1=Q 31. Rxc1 Qxc1 32. Qxd7 Qd2 33. Qb5 Red8 34.
Qd5 Qe3 35. Qe4 Qd2 36. Qd5 Qe3 37. Qe4 Qd2 38. Qd5 1/2-1/2

[Event "11. Lichtenberger Sommer"]
[Site "Berlin"]
[Date "2012.08.25"]
[Round "8.14"]
[White "Kutzner, Stephen"]
[Black "Lorenz, Sascha"]
[Result "1/2-1/2"]
[WhiteElo "2036"]
[BlackElo "2258"]
[PlyCount "78"]
[EventDate "2012.??.??"]
[WhiteTeam "Godesberger Schachklub 1929 e.V."]
[BlackTeam "SK König Tegel 1949 e.V."]

1. e4 g6 2. d4 Bg7 3. c4 Nc6 4. Nf3 e5 5. Bg5 Bf6 6. Be3 exd4 7. Nxd4 Nxd4 8.
Bxd4 d6 9. Nc3 Be6 10. Nd5 Bxd5 11. exd5 Nh6 12. Qe2+ Kf8 13. O-O-O Nf5 14.
Bxf6 Qxf6 15. g4 Nh4 16. Rd3 Kg7 17. Re3 c6 18. Bh3 cxd5 19. cxd5 Rhc8+ 20. Kb1
Rc5 21. Rd1 g5 22. Qd3 Rac8 23. a3 Ng6 24. Rf3 Nf4 25. Qe4 Rc4 26. Qe3 Qg6+ 27.
Ka2 Qc2 28. Rd4 Qc1 29. Rxc4 Qxc4+ 30. Qb3 Qxd5 31. Qxd5 Nxd5 32. Rf5 Nf4 33.
Rxg5+ Kh6 34. Rf5 Nxh3 35. Rh5+ Kg6 36. Rxh3 Rc4 37. Rd3 Rc6 38. Rd5 Kf6 39.
Kb3 a6 1/2-1/2

[Event "11. Lichtenberger Sommer"]
[Site "Berlin"]
[Date "2012.08.25"]
[Round "8.16"]
[White "Schulz, Michael"]
[Black "Albrecht, Rainer"]
[Result "1/2-1/2"]
[WhiteElo "2239"]
[BlackElo "2110"]
[PlyCount "29"]
[EventDate "2012.??.??"]
[WhiteTeam "SC Empor Potsdam 1952 e.V."]
[BlackTeam "SC Kreuzberg e.V."]

1. d4 e6 2. e4 d5 3. Nc3 Nc6 4. Nf3 Nf6 5. e5 Ne4 6. Bd3 Bb4 7. Bd2 Nxd2 8.
Qxd2 f6 9. a3 Bxc3 10. Qxc3 fxe5 11. dxe5 Bd7 12. O-O-O Qe7 13. h4 O-O-O 14.
Kb1 Rdf8 15. h5 1/2-1/2

[Event "11. Lichtenberger Sommer"]
[Site "Berlin"]
[Date "2012.08.25"]
[Round "8.18"]
[White "Burger, Heinrich"]
[Black "Paulsen, Dirk"]
[Result "1-0"]
[WhiteElo "2138"]
[BlackElo "2374"]
[PlyCount "79"]
[EventDate "2012.??.??"]
[WhiteTeam "VfB Hermsdorf e.V."]
[BlackTeam "SG Lasker Steglitz-Wilmersdorf"]

1. Nf3 d6 2. d4 Bg4 3. Nbd2 Nc6 4. h3 Bh5 5. c3 e6 6. e4 Nge7 7. Bb5 a6 8. Ba4
b5 9. Bc2 Nc8 10. O-O Be7 11. Re1 Nb6 12. Nf1 O-O 13. Ng3 Bg6 14. b3 d5 15. e5
b4 16. Bb2 a5 17. a3 bxc3 18. Bxc3 a4 19. b4 Qd7 20. Bd3 Na7 21. Qe2 Bxd3 22.
Qxd3 Qb5 23. Qc2 Qc6 24. Rec1 f6 25. Qd1 Nb5 26. Bb2 Nc4 27. Rc2 Qb6 28. Ne2
fxe5 29. dxe5 c5 30. bxc5 Bxc5 31. Bd4 Nxd4 32. Nexd4 Rf4 33. Rb1 Qa6 34. Nb5
Raf8 35. Qc1 Qc8 36. Nd6 Bxd6 37. exd6 Qd7 38. Rb4 e5 39. Qd1 Nxa3 40. Qxd5+
1-0

[Event "11. Lichtenberger Sommer"]
[Site "Berlin"]
[Date "2012.08.25"]
[Round "8.19"]
[White "Tahiri, Daut"]
[Black "Dauth, Benjamin"]
[Result "1/2-1/2"]
[WhiteElo "2114"]
[BlackElo "2322"]
[PlyCount "218"]
[EventDate "2012.??.??"]
[WhiteTeam "SK Tempelhof 1931 e.V."]
[BlackTeam "SC Rotation Pankow e.V."]

1. Nf3 c5 2. e4 g6 3. d4 cxd4 4. Nxd4 Nc6 5. Nc3 Bg7 6. Be3 Nf6 7. Bc4 O-O 8.
Bb3 Na5 9. e5 Ne8 10. Bxf7+ Kxf7 11. Ne6 dxe6 12. Qxd8 b6 13. Qd3 Bb7 14. Ne4
Nc7 15. O-O-O Bxe5 16. h4 Rfd8 17. Ng5+ Ke8 18. Qe2 Bd6 19. Nxh7 Bxg2 20. Rhg1
Bd5 21. Qg4 Rac8 22. Qxg6+ Kd7 23. Kb1 Na6 24. Rxd5 exd5 25. Ng5 Nc4 26. Qe6+
Kc6 27. Rd1 Nc7 28. Qg6 Rh8 29. Rh1 Rcf8 30. Qd3 Rh5 31. Qe2 Rfh8 32. Qg4 Be5
33. Nf7 R8h7 34. Nxe5+ Nxe5 35. Qg3 Ne6 36. b3 Rg7 37. Qh3 Rg4 38. Qf1 d4 39.
Bg5 Nxg5 40. hxg5 Rhxg5 41. Qa6 Nd7 42. Rh6+ Rg6 43. Qa4+ Kd6 44. Rxg6+ Rxg6
45. Qxd4+ Kc7 46. f4 Rd6 47. Qe4 e6 48. Qa8 a5 49. Qe4 Nf6 50. Qe5 Nd7 51. Qe4
Nf6 52. Qe5 Nd7 53. Qe4 Nc5 54. Qe5 Kc6 55. a4 Rd5 56. Qb8 Nd7 57. Qc8+ Kd6 58.
Qh8 Rf5 59. Qd4+ Ke7 60. c3 Nc5 61. Kc2 Nd7 62. b4 Rh5 63. Qg7+ Kd6 64. Qg3 Rf5
65. Kd3 Nf6 66. bxa5 bxa5 67. c4 Nd7 68. Qe1 Nc5+ 69. Ke3 Nd7 70. Qd2+ Kc6 71.
Qg2+ Kc7 72. Qg7 Rc5 73. Kd4 Rf5 74. Qh6 Kd6 75. Ke3 Rc5 76. Kd4 Rf5 77. Kc3
Nc5 78. Qh8 Nxa4+ 79. Kc2 Nc5 80. Qd8+ Nd7 81. Qh4 Nf6 82. Qf2 Nd7 83. Qe3 Rc5
84. Kb3 Ke7 85. Qd4 Rc6 86. Qg7+ Kd8 87. Qg5+ Ke8 88. Qxa5 Rc5 89. Qa8+ Ke7 90.
Qe4 Rf5 91. Qd4 Nc5+ 92. Kb4 Na6+ 93. Kc3 Nc5 94. Qg7+ Kd6 95. Qd4+ Kc6 96. Qe3
Kc7 97. Kd4 Kd6 98. Kc3 Rh5 99. Qd2+ Kc6 100. Qg2+ Kd7 101. Qg7+ Kc6 102. Qg2+
Kd6 103. Qg4 Rf5 104. Qd1+ Kc6 105. Qf3+ Kb6 106. Qe3 Kc7 107. Qd4 Kc6 108. Qe3
Kd6 109. Qd4+ Ke7 1/2-1/2

[Event "11. Lichtenberger Sommer"]
[Site "Berlin"]
[Date "2012.08.25"]
[Round "8.20"]
[White "Montolio Benedicto, Cesar"]
[Black "Vogel, Robert"]
[Result "0-1"]
[WhiteElo "1956"]
[BlackElo "2258"]
[PlyCount "60"]
[EventDate "2012.??.??"]
[WhiteTeam "Gros Xake Taldea"]
[BlackTeam "SGem Pang/Rosenheim"]

1. e4 g6 2. d4 Bg7 3. c4 Nc6 4. Nf3 e5 5. d5 Nd4 6. Be3 c5 7. dxc6 dxc6 8. h3
Ne7 9. Nc3 O-O 10. Bd3 f5 11. O-O Nxf3+ 12. gxf3 f4 13. Bc5 Bxh3 14. Re1 b6 15.
Bf1 Bxf1 16. Qxd8 Rfxd8 17. Bxe7 Rd7 18. Rxf1 Rxe7 19. Rfd1 Bf8 20. Rd6 Rc7 21.
Rd3 Bc5 22. Ne2 Bd4 23. Nxd4 Rd7 24. Rad1 Rad8 25. Nxc6 Rxd3 26. Rxd3 Rxd3 27.
Nxa7 Rd2 28. Nc8 Rxb2 29. a3 Kf7 30. Kg2 Ke6 0-1

[Event "11. Lichtenberger Sommer"]
[Site "Berlin"]
[Date "2012.08.25"]
[Round "8.22"]
[White "Hahlbohm, Matthias"]
[Black "Kapp, Martin"]
[Result "1/2-1/2"]
[WhiteElo "2065"]
[BlackElo "2215"]
[PlyCount "148"]
[EventDate "2012.??.??"]
[WhiteTeam "TSG Oberschöneweide e.V."]
[BlackTeam "TSV IFA Chemnitz"]

1. e4 e6 2. d4 d5 3. e5 c5 4. c3 Qb6 5. a3 Bd7 6. Nf3 Bb5 7. Bd3 Bxd3 8. Qxd3
Qa6 9. Qxa6 Nxa6 10. O-O c4 11. Nbd2 O-O-O 12. b3 cxb3 13. Nxb3 Rd7 14. Bd2 Ne7
15. Ne1 h5 16. Nd3 Nf5 17. g3 Be7 18. h4 Kb8 19. Rfb1 Ka8 20. Kg2 Rc7 21. Ra2
Nb8 22. a4 Nd7 23. a5 Rg8 24. f4 f6 25. Re1 fxe5 26. Nxe5 Nf6 27. Rc1 Ne4 28.
Be1 Rgc8 29. a6 b6 30. Ng6 Bd6 31. Re2 Bb4 32. Nd2 Rxc3 33. Rxc3 Nxc3 34. Rxe6
Nxd4 35. Re5 Bd6 36. Rxh5 Re8 37. Bf2 Re2 38. Nf3 Nc6 39. Nge5 Nb4 40. Rh8+ Bb8
41. Nd7 Nxa6 42. Nd4 Ra2 43. Nxb8 Nxb8 44. Nc6 Kb7 45. Rxb8+ Kc7 46. Ra8 Kb7
47. Rxa7+ Kxc6 48. Rxa2 Nxa2 49. h5 Kd6 50. Bd4 Ke6 51. Bxg7 Kf7 52. Bd4 Nb4
53. Kf3 b5 54. g4 Nc6 55. Bb2 b4 56. f5 b3 57. h6 Kg8 58. f6 Nd8 59. Kf4 Kh7
60. Kf5 Nf7 61. g5 Nd6+ 62. Ke6 Ne4 63. Kf5 Nd6+ 64. Ke6 Ne4 65. Kf5 Nd6+ 66.
Ke6 Ne4 67. Bc1 Nxg5+ 68. Ke7 b2 69. Bxb2 Kg6 70. Bc1 Nf7 71. Be3 d4 72. Bxd4
Nxh6 73. Ke6 Nf7 74. Ke7 Nh6 1/2-1/2

[Event "11. Lichtenberger Sommer"]
[Site "Berlin"]
[Date "2012.08.25"]
[Round "8.24"]
[White "Poseck, Steffen"]
[Black "Jahnz, Fabian"]
[Result "1/2-1/2"]
[WhiteElo "2076"]
[BlackElo "2215"]
[PlyCount "108"]
[EventDate "2012.??.??"]
[WhiteTeam "BSV 63 Chemie Weißensee"]
[BlackTeam "SK König Tegel 1949 e.V."]

1. d4 d5 2. Nf3 Nf6 3. e3 c5 4. b3 cxd4 5. exd4 Bf5 6. Bd3 Bxd3 7. Qxd3 e6 8.
Bb2 Be7 9. Nbd2 O-O 10. O-O Nc6 11. a3 Qc7 12. Rfe1 Rac8 13. Rac1 Rfd8 14. g3
Qa5 15. Qe2 b5 16. b4 Qb6 17. c3 a5 18. Ne5 h6 19. Nxf7 Kxf7 20. Qxe6+ Kf8 21.
Nf3 Qc7 22. Ne5 Nxe5 23. dxe5 Ne4 24. Re3 Ng5 25. Qf5+ Kg8 26. h4 Nh7 27. Rd1
Qc6 28. Red3 Rf8 29. Qg4 Rcd8 30. f4 Kh8 31. Rd4 Rd7 32. Kh2 Bd8 33. f5 Rdf7
34. Rf4 axb4 35. axb4 Bc7 36. Re1 d4 37. Qg6 Qd5 38. cxd4 Qb3 39. Re2 Qd3 40.
Ref2 Qb1 41. d5 Qe1 42. Bd4 Bxe5 43. Qe6 Qxf2+ 44. Bxf2 Bxf4 45. gxf4 Rf6 46.
Qe2 Rxf5 47. Bc5 R8f7 48. d6 Nf6 49. Qxb5 Nd7 50. Qc6 Rxf4 51. Kg3 Rg4+ 52. Kh3
Rgf4 53. Kg3 Rg4+ 54. Kh3 Rgf4 1/2-1/2

[Event "11. Lichtenberger Sommer"]
[Site "Berlin"]
[Date "2012.08.25"]
[Round "8.25"]
[White "Lämmel, Sebastian"]
[Black "Simon, Ralf-Axel"]
[Result "0-1"]
[WhiteElo "1888"]
[BlackElo "2153"]
[PlyCount "66"]
[EventDate "2012.??.??"]
[WhiteTeam "SV Cranzahl 1962"]
[BlackTeam "TSG Neuruppin"]

1. e4 c5 2. Nf3 e6 3. d4 cxd4 4. Nxd4 Nc6 5. Nc3 Qc7 6. Be2 Nf6 7. O-O Bb4 8.
Ndb5 Qb8 9. a3 Be7 10. Be3 O-O 11. f4 d6 12. Kh1 a6 13. Nd4 Bd7 14. Nb3 b5 15.
Bf3 Rd8 16. g4 Bc8 17. g5 Nd7 18. Qe1 Bb7 19. Qh4 g6 20. Ne2 Bf8 21. Rg1 Bg7
22. c3 Qc7 23. Rg3 Ne7 24. Rh3 Nf8 25. Rf1 e5 26. Ng3 exf4 27. Qxf4 Be5 28. Qh4
Qc4 29. Nd2 Qd3 30. Nh5 gxh5 31. Bxh5 Neg6 32. Bxg6 fxg6 33. Bb6 Qxd2 0-1

[Event "11. Lichtenberger Sommer"]
[Site "Berlin"]
[Date "2012.08.25"]
[Round "8.26"]
[White "Rohde, Wolfgang"]
[Black "Gräfe, Charly"]
[Result "1/2-1/2"]
[WhiteElo "2185"]
[BlackElo "1950"]
[PlyCount "125"]
[EventDate "2012.??.??"]
[WhiteTeam "SC Friesen Lichtenberg e.V."]
[BlackTeam "SF Friedrichshagen"]

1. d4 Nf6 2. Nf3 e6 3. g3 d5 4. Bg2 Bd6 5. O-O O-O 6. c4 c6 7. Nc3 Nbd7 8. Qc2
Qe7 9. e4 dxe4 10. Nxe4 Nxe4 11. Qxe4 Nf6 12. Qe2 Rd8 13. Ne5 Bd7 14. b3 Be8
15. a3 c5 16. dxc5 Bxc5 17. b4 Bd4 18. Bb2 Ba4 19. Rfc1 Qc7 20. Bxd4 Rxd4 21.
Qe3 Rad8 22. h3 h6 23. Nf3 Rxc4 24. Rxc4 Qxc4 25. Rc1 Qxc1+ 26. Qxc1 Rd1+ 27.
Qxd1 Bxd1 28. Nd4 Nd5 29. Bxd5 exd5 30. Nb5 Kf8 31. Nxa7 Ke7 32. Nb5 Ba4 33.
Nd4 Bd7 34. h4 Kd6 35. f4 g6 36. Kf2 Bg4 37. Ke3 Bd7 38. Nf3 f6 39. Kd4 Bg4 40.
Ne1 Bd7 41. Nd3 h5 42. Nf2 Ba4 43. Nd3 Bd7 44. Nb2 Ke6 45. Nd1 Kd6 46. Nc3 Be6
47. a4 Kc6 48. a5 Kd6 49. b5 Bd7 50. Nxd5 Bxb5 51. Nxf6 Ke6 52. Nd5 Bc6 53. Ne3
Bf3 54. Kc5 Be4 55. Nc4 Bd5 56. Ne3 Bf3 57. Kb6 Be4 58. Kc7 Bf3 59. Nc4 Kf5 60.
Nd6+ Kg4 61. Nxb7 Be2 62. Nd6 Kxg3 63. f5 1/2-1/2